[Event "Bohumin op-B 6th"]
[Site "Bohumin"]
[Date "2023.07.04"]
[Round "4"]
[White "Petrov, Nikolaj"]
[Black "Maroszczyk, Wieslaw"]
[Result "0-1"]
[WhiteElo "1608"]
[BlackElo "1737"]
[PlyCount "106"]
[EventDate "2023.07.01"]
[EventType "swiss"]
[EventRounds "9"]
[EventCountry "CZE"]
[SourceTitle "EXT 2024"]
[Source "ChessBase"]
[SourceDate "2023.10.10"]
[SourceVersion "1"]
[SourceVersionDate "2023.10.10"]
[SourceQuality "1"]

1. e4 c5 2. Nf3 e6 3. c4 Nc6 4. Nc3 Be7 5. d4 cxd4 6. Nxd4 Nf6 7. Be2 0-0 8. 0-0 a6 9. Be3 Qc7 10. Rc1 d6 11. f4 Bd7 12. Nf3 Ng4 13. Bd2 Qb6+ 14. Kh1 Nf2+ 15. Rxf2 Qxf2 16. Qb3 Qa7 17. Na4 Nd4 18. Nxd4 Bxa4 19. Qc3 Rac8 20. Be3 Qb8 21. b3 Bd7 22. Rf1 Bf6 23. Qd2 Rce8 24. Nf3 Bc6 25. Bd3 Qc7 26. Qc2 h6 27. Nd2 Rc8 28. Rf3 b5 29. Rg3 bxc4 30. Nxc4 Kh8 31. Qd2 d5 32. e5 Bh4 33. Nd6 Bxg3 34. hxg3 Bb5 35. Nxb5 axb5 36. f5 Qc3 37. Qe2 Qxe5 38. Qf2 d4 39. Bf4 Qf6 40. g4 e5 41. Bd2 Ra8 42. Qg3 g5 43. fxg6 fxg6 44. Bxh6 Rf7 45. a4 Rh7 46. g5 Qf4 47. Qxf4 exf4 48. Bxg6 Rxh6+ 49. gxh6 bxa4 50. bxa4 Rxa4 51. Bd3 Ra3 52. Be2 d3 53. Bd1 Ra1 0-1

[Event "Bohumin op-B 6th"]
[Site "Bohumin"]
[Date "2023.07.03"]
[Round "3"]
[White "Maroszczyk, Wieslaw"]
[Black "Striz, Tadeas"]
[Result "1-0"]
[WhiteElo "1737"]
[BlackElo "1433"]
[PlyCount "203"]
[EventDate "2023.07.01"]
[EventType "swiss"]
[EventRounds "9"]
[EventCountry "CZE"]
[SourceTitle "EXT 2024"]
[Source "ChessBase"]
[SourceDate "2023.10.10"]
[SourceVersion "1"]
[SourceVersionDate "2023.10.10"]
[SourceQuality "1"]

1. d4 Nf6 2. c4 e6 3. Nc3 Bb4 4. e3 b6 5. Bd3 Bb7 6. Nf3 0-0 7. 0-0 Bxc3 8. bxc3 Ne4 9. Qc2 f5 10. Rd1 Rf6 11. d5 exd5 12. cxd5 Bxd5 13. Ba6 Bc6 14. Bc4+ Kh8 15. Bd5 Qe7 16. c4 Bxd5 17. Rxd5 d6 18. Bb2 Rf7 19. Rad1 c6 20. R5d4 c5 21. Rd5 Na6 22. a3 Nc7 23. R5d3 Qe8 24. Nd2 f4 25. Nxe4 Qxe4 26. f3 Qe6 27. e4 Ne8 28. a4 Rb7 29. Rd5 Rf7 30. Qd3 Rd8 31. h3 Rfd7 32. Be5 Qf7 33. Qd2 Nc7 34. Rxd6 Rxd6 35. Bxd6 Ne8 36. e5 Qxc4 37. a5 b5 38. Rc1 Qd4+ 39. Qxd4 cxd4 40. Bb4 Kg8 41. Kf2 Kf7 42. Rc6 d3 43. Ke1 Rd4 44. e6+ Kg6 45. Bd2 b4 46. Rc8 b3 47. Rxe8 Rb4 48. Bc3 b2 49. Bxb2 Rxb2 50. Rf8 Kg5 51. Rf7 Kg6 52. Rxa7 Re2+ 53. Kd1 Rxe6 54. Rd7 Ra6 55. Rd5 Kf6 56. Kd2 Ke6 57. Rb5 Ke7 58. Kxd3 Kd7 59. Ke4 Rg6 60. Rb2 Rg5 61. Ra2 Kc7 62. Kxf4 Rg6 63. g4 Rf6+ 64. Kg3 Ra6 65. h4 Kd7 66. h5 Ke6 67. Kf4 Kf7 68. g5 g6 69. Kg4 Ke6 70. Ra4 Kf7 71. f4 Ke6 72. h6 Kf7 73. Kf3 Ke6 74. Ke4 Kd6 75. f5 gxf5+ 76. Kxf5 Ke7 77. Ke5 Kd7 78. Kf5 Ke7 79. Kg4 Kf7 80. Kh5 Ke7 81. Rb4 Kf7 82. Rb5 Kf8 83. Re5 Kf7 84. Rb5 Kf8 85. Rb8+ Kf7 86. Rb7+ Kg8 87. Rb5 Kf7 88. Kg4 Kf8 89. Kf5 Kf7 90. Ke5 Ke7 91. Kd5 Kd7 92. Kc5 Kc7 93. Kb4 Re6 94. Rf5 Re7 95. Kc5 Rd7 96. Rf6 Kb7 97. g6 hxg6 98. Rxg6 Rc7+ 99. Kb5 Rc8 100. Rg7+ Ka8 101. h7 Rb8+ 102. Ka4 1-0

[Event "Bohumin op-B 6th"]
[Site "Bohumin"]
[Date "2023.07.01"]
[Round "1"]
[White "Maroszczyk, Wieslaw"]
[Black "Machura, Jaroslav"]
[Result "1-0"]
[WhiteElo "1737"]
[BlackElo "1275"]
[PlyCount "81"]
[EventDate "2023.07.01"]
[EventType "swiss"]
[EventRounds "9"]
[EventCountry "CZE"]
[SourceTitle "EXT 2024"]
[Source "ChessBase"]
[SourceDate "2023.10.10"]
[SourceVersion "1"]
[SourceVersionDate "2023.10.10"]
[SourceQuality "1"]

1. d4 d5 2. c4 dxc4 3. Nf3 Nf6 4. Nc3 a6 5. a4 h6 6. e4 Bg4 7. Be3 e6 8. Bxc4 Bb4 9. Qc2 Bxf3 10. gxf3 Nc6 11. Rd1 Na5 12. Ba2 c6 13. 0-0 Rc8 14. Kh1 Rg8 15. Rg1 Kf8 16. Qe2 b5 17. e5 Nd5 18. Ne4 Nxe3 19. fxe3 Rc7 20. axb5 cxb5 21. d5 exd5 22. Rxd5 Qc8 23. Rgd1 Nb7 24. Nd6 Bxd6 25. exd6 Rd7 26. Qd2 g5 27. Bb1 f6 28. Bf5 Rgg7 29. Bxd7 Rxd7 30. b4 Nd8 31. Rc1 Qa8 32. e4 Nf7 33. Qd4 Kg7 34. Kg2 h5 35. Rc7 Qd8 36. Qa7 Rxc7 37. dxc7 Qe8 38. Rd8 Qe6 39. c8Q Qa2+ 40. Qf2 Qxf2+ 41. Kxf2 1-0

[Event "CZE-chT2F 2223"]
[Site "Czech Republic"]
[Date "2022.12.18"]
[Round "5"]
[White "Keprt, Pavel"]
[Black "Maroszczyk, Wieslaw"]
[Result "1/2-1/2"]
[WhiteElo "1917"]
[BlackElo "1745"]
[PlyCount "81"]
[EventDate "2022.10.16"]
[EventType "team-tourn"]
[EventRounds "11"]
[EventCountry "CZE"]
[SourceTitle "EXT 2024"]
[Source "ChessBase"]
[SourceDate "2023.10.10"]
[SourceVersion "1"]
[SourceVersionDate "2023.10.10"]
[SourceQuality "1"]
[WhiteTeam "Dobra Sokol"]
[BlackTeam "Trinec II"]
[WhiteTeamCountry "CZE"]
[BlackTeamCountry "CZE"]

1. e4 c5 2. f4 d5 3. exd5 Nf6 4. Nf3 Nxd5 5. Bb5+ Bd7 6. Bxd7+ Qxd7 7. d3 Nc6 8. 0-0 e6 9. Nc3 Nxc3 10. bxc3 Be7 11. Qe1 0-0 12. Bd2 Rad8 13. Qg3 Bf6 14. Ne5 Qd5 15. Nxc6 Qxc6 16. f5 exf5 17. Rxf5 Rd5 18. Rf3 g6 19. Re1 Rd7 20. Qg4 Bg7 21. Qh4 Rd5 22. Qe4 Rd6 23. Qh4 Rd5 24. Re7 Rd7 25. Qe1 Qd6 26. Re8 Rd8 27. Rxd8 Qxd8 28. Qe4 Qb6 29. Qa4 a6 30. Qb3 Qxb3 31. axb3 Re8 32. Kf2 Kf8 33. Be3 b6 34. d4 cxd4 35. Bxd4 Bxd4+ 36. cxd4 Re4 37. Rd3 Ke7 38. Re3 Re6 39. Ke2 f5 40. Kd3 Rxe3+ 41. Kxe3 1/2-1/2

[Event "Bohumin op 4th"]
[Site "Bohumin"]
[Date "2021.07.09"]
[Round "7"]
[White "Maroszczyk, Wieslaw"]
[Black "Raptis, Janis"]
[Result "0-1"]
[WhiteElo "1788"]
[BlackElo "1643"]
[PlyCount "60"]
[EventDate "2021.07.03"]
[EventType "swiss"]
[EventRounds "9"]
[EventCountry "CZE"]
[SourceTitle "CBM 203 Extra"]
[Source "ChessBase"]
[SourceDate "2021.09.30"]
[SourceVersion "1"]
[SourceVersionDate "2021.09.30"]
[SourceQuality "1"]

1. d4 f5 2. Bg5 g6 3. Nf3 Bg7 4. c3 Nf6 5. Nbd2 Ne4 6. Bf4 0-0 7. Qc2 d5 8. Ne5 e6 9. h4 Nd7 10. Nxd7 Bxd7 11. Nf3 Bb5 12. g3 Rc8 13. e3 Bxf1 14. Kxf1 c5 15. Kg2 b5 16. Qd3 Qb6 17. dxc5 Nxc5 18. Qe2 b4 19. cxb4 Qxb4 20. Be5 Bxe5 21. Nxe5 Qe4+ 22. Nf3 Nd7 23. Kh2 Rc2 24. Nd2 Qb4 25. Rhd1 Ne5 26. Kg2 Nc4 27. a3 Rxd2 28. Qe1 Qxb2 29. Rdb1 Qc2 30. Kg1 Ne5 0-1

[Event "Bohumin op 2nd"]
[Site "Bohumin"]
[Date "2019.06.29"]
[Round "8"]
[White "Sputowski, Jakub"]
[Black "Maroszczyk, Wieslaw"]
[Result "1/2-1/2"]
[WhiteElo "1630"]
[BlackElo "1861"]
[PlyCount "46"]
[EventDate "2019.06.22"]
[EventType "swiss"]
[EventRounds "9"]
[EventCountry "CZE"]
[SourceTitle "CBM 191 Extra"]
[Source "ChessBase"]
[SourceDate "2019.09.30"]
[SourceVersion "1"]
[SourceVersionDate "2019.09.30"]
[SourceQuality "1"]

1. e4 c5 2. Nf3 e6 3. d4 cxd4 4. Nxd4 Nf6 5. Nc3 Nc6 6. g3 Bb4 7. Bg2 d5 8. exd5 Nxd5 9. Nxc6 bxc6 10. 0-0 0-0 11. Bd2 Qa5 12. Nxd5 cxd5 13. c3 Be7 14. c4 Qd8 15. cxd5 exd5 16. Bc3 Be6 17. Qd2 Rc8 18. Rad1 Bf6 19. Bxd5 Bxc3 20. bxc3 Bxd5 21. Qxd5 Qxd5 22. Rxd5 Rxc3 23. Ra5 Rc7 1/2-1/2

[Event "Bohumin op 2nd"]
[Site "Bohumin"]
[Date "2019.06.28"]
[Round "7"]
[White "Maroszczyk, Wieslaw"]
[Black "Kania, Dominik"]
[Result "1-0"]
[WhiteElo "1861"]
[BlackElo "1904"]
[PlyCount "51"]
[EventDate "2019.06.22"]
[EventType "swiss"]
[EventRounds "9"]
[EventCountry "CZE"]
[SourceTitle "CBM 191 Extra"]
[Source "ChessBase"]
[SourceDate "2019.09.30"]
[SourceVersion "1"]
[SourceVersionDate "2019.09.30"]
[SourceQuality "1"]

1. d4 d5 2. c4 Bf5 3. Nc3 e6 4. Bf4 Nc6 5. cxd5 exd5 6. e3 Nf6 7. Bd3 Bxd3 8. Qxd3 Bd6 9. Bxd6 Qxd6 10. Nf3 0-0-0 11. Rc1 Kb8 12. a3 Qd7 13. 0-0 Rde8 14. b4 g5 15. b5 Nd8 16. Ne5 Qe6 17. Qc2 Re7 18. Na4 Ne8 19. Nc5 Qd6 20. Qa4 Nf6 21. Rc2 Ne6 22. Nxb7 Kxb7 23. Rc6 Qd8 24. Ra6 Nc5 25. Rxa7+ Kb6 26. Qa5# 1-0

[Event "Bohumin op 2nd"]
[Site "Bohumin"]
[Date "2019.06.23"]
[Round "2"]
[White "Dobrovolsky, Ladislav"]
[Black "Maroszczyk, Wieslaw"]
[Result "1-0"]
[WhiteElo "2264"]
[BlackElo "1861"]
[PlyCount "149"]
[EventDate "2019.06.22"]
[EventType "swiss"]
[EventRounds "9"]
[EventCountry "CZE"]
[SourceTitle "CBM 191 Extra"]
[Source "ChessBase"]
[SourceDate "2019.09.30"]
[SourceVersion "1"]
[SourceVersionDate "2019.09.30"]
[SourceQuality "1"]

1. e4 c5 2. Nf3 e6 3. d4 cxd4 4. Nxd4 Nf6 5. Bd3 Nc6 6. Nxc6 bxc6 7. 0-0 d5 8. Nd2 Be7 9. Re1 dxe4 10. Nxe4 0-0 11. Qf3 Bb7 12. Bg5 Nxe4 13. Qxe4 g6 14. Bh6 Re8 15. Bc4 Bf6 16. Rad1 Qe7 17. c3 c5 18. Qg4 Red8 19. Be3 Rac8 20. h3 Bg7 21. Bg5 Bf6 22. Bf4 Rxd1 23. Qxd1 Rd8 24. Qb3 Qd7 25. Qb5 Qxb5 26. Bxb5 Bd5 27. Bc7 Rc8 28. Bd6 a6 29. Bf1 Rc6 30. Bf4 Rb6 31. c4 Bc6 32. b3 Bd4 33. Be5 a5 34. Bxd4 cxd4 35. c5 Rb8 36. Bc4 a4 37. Rd1 axb3 38. axb3 e5 39. f4 exf4 40. Rxd4 Ra8 41. Rxf4 Ra1+ 42. Rf1 Ra2 43. Rf2 Ra1+ 44. Kh2 Be8 45. Rc2 Rb1 46. Bd5 Rd1 47. Bf3 Rd3 48. c6 Bxc6 49. Rxc6 Rxb3 50. Rc7 Rb6 51. Bd5 Rf6 52. Kg3 h6 53. Bf3 Rf5 54. Kf2 h5 55. Ke3 Kg7 56. Be4 Rf6 57. Bd5 Rf5 58. Ke4 Rf6 59. Ke5 Rf1 60. Kd6 Kf8 61. Bf3 Re1 62. Bd5 Rf1 63. Rc3 Rf6+ 64. Ke5 Rf5+ 65. Ke4 Rf1 66. Kd4 Ra1 67. Ke5 Kg7 68. Rc7 Rf1 69. Kd6 Rf2 70. Ke7 Re2+ 71. Kd8 Rf2 72. Ke8 Re2+ 73. Re7 Rxe7+ 74. Kxe7 h4 75. Bxf7 1-0

[Event "Jastrzebie Zdroj op"]
[Site "Jastrzebie Zdroj"]
[Date "2018.08.18"]
[Round "2"]
[White "Maroszczyk, Wieslaw"]
[Black "Poley, Vladimir"]
[Result "0-1"]
[WhiteElo "1845"]
[BlackElo "2257"]
[PlyCount "130"]
[EventDate "2018.08.18"]
[EventType "swiss"]
[EventRounds "9"]
[EventCountry "POL"]
[SourceTitle "CBM 186 Extra"]
[Source "ChessBase"]
[SourceDate "2018.08.24"]
[SourceVersion "1"]
[SourceVersionDate "2018.08.24"]
[SourceQuality "1"]

1. d4 g6 2. c4 Bg7 3. Nc3 d6 4. e4 Nc6 5. Be3 e5 6. dxe5 dxe5 7. Qxd8+ Nxd8 8. Nb5 Ne6 9. Bxa7 Nf6 10. f3 b6 11. c5 0-0 12. cxb6 cxb6 13. Bxb6 Bd7 14. Be3 Rfb8 15. Nc3 Rxb2 16. Nge2 Bf8 17. Bc1 Rb7 18. Nd5 Nxd5 19. exd5 Bb4+ 20. Bd2 Bxd2+ 21. Kxd2 Nc5 22. Nc1 Rb2+ 23. Ke1 e4 24. fxe4 Re8 25. Be2 Nxe4 26. Kf1 Nc3 27. Bc4 Nxd5 28. Bxd5 Bb5+ 29. Nd3 Bxd3+ 30. Kg1 Re5 31. Bf3 Bb1 32. h3 Bxa2 33. Kh2 Rf5 34. Rhf1 Bc4 35. Rfb1 Rxb1 36. Rxb1 h5 37. Rc1 Be6 38. Ra1 Kg7 39. Ra4 Rc5 40. Rd4 Kf6 41. Rd1 Kg5 42. Rd6 Rc2 43. Rd4 Kf6 44. h4 Ke5 45. Re4+ Kf5 46. Rb4 Bc4 47. Kg3 Ke5 48. Rb1 Bd3 49. Re1+ Kd4 50. Re7 f5 51. Re6 Be4 52. Bxe4 fxe4 53. Rxg6 e3 54. Rd6+ Ke4 55. Re6+ Kd3 56. Rd6+ Ke2 57. Re6 Rc4 58. Re5 Rg4+ 59. Kh3 Kd3 60. Rxh5 e2 61. Kxg4 e1Q 62. Rg5 Qe4+ 63. Kh3 Qe6+ 64. Kh2 Ke4 65. g3 Kf3 0-1

[Event "CZE-chT2F 1718"]
[Site "Czech Republic"]
[Date "2017.12.03"]
[Round "4.7"]
[White "Maroszczyk, Wieslaw"]
[Black "Baran, Rostislav"]
[Result "0-1"]
[WhiteElo "1906"]
[BlackElo "1861"]
[PlyCount "68"]
[EventDate "2017.10.15"]
[EventType "team-tourn"]
[EventRounds "11"]
[EventCountry "CZE"]
[SourceTitle "EXT 2022"]
[Source "ChessBase"]
[SourceDate "2021.10.06"]
[SourceVersion "1"]
[SourceVersionDate "2021.10.06"]
[SourceQuality "1"]
[WhiteTeam "Trinec II"]
[BlackTeam "Dobra"]
[WhiteTeamCountry "CZE"]
[BlackTeamCountry "CZE"]

1. d4 Nf6 2. Nf3 e6 3. c4 c5 4. d5 exd5 5. cxd5 d6 6. Nc3 Na6 7. e4 g6 8. Be2 Bg7 9. 0-0 0-0 10. Nd2 Nc7 11. a4 b6 12. f4 Bb7 13. Bf3 Rb8 14. Re1 a6 15. Nc4 b5 16. axb5 Nxb5 17. Nxb5 axb5 18. Na5 Qc7 19. Nxb7 Rxb7 20. Qc2 Rbb8 21. Be3 Ra8 22. e5 Nd7 23. exd6 Qxd6 24. Rec1 c4 25. Qf2 Rfe8 26. Ra7 Rxa7 27. Bxa7 Qxf4 28. Rd1 Ne5 29. d6 Nd3 30. d7 Rd8 31. Qe2 Qe5 32. Rxd3 Qxe2 33. Bxe2 cxd3 34. Bxd3 Rxd7 0-1

[Event "Karvina op"]
[Site "Karvina"]
[Date "2017.07.09"]
[Round "9"]
[White "Ochmyt, Jakub"]
[Black "Maroszczyk, Wieslaw"]
[Result "1/2-1/2"]
[WhiteElo "1711"]
[BlackElo "1890"]
[PlyCount "133"]
[EventDate "2017.07.01"]
[EventType "swiss"]
[EventRounds "9"]
[EventCountry "CZE"]
[SourceTitle "EXT 2018"]
[Source "ChessBase"]
[SourceDate "2017.10.13"]
[SourceVersion "1"]
[SourceVersionDate "2017.10.13"]
[SourceQuality "1"]

1. d4 Nf6 2. Bg5 e6 3. Nf3 Be7 4. e3 d5 5. Bd3 Nbd7 6. 0-0 h6 7. Bh4 0-0 8. Nbd2 c5 9. c4 b6 10. cxd5 Nxd5 11. Bxe7 Qxe7 12. Nc4 Bb7 13. Re1 cxd4 14. exd4 N7f6 15. Nce5 Rac8 16. Qa4 Rc7 17. Rac1 Rfc8 18. Rxc7 Qxc7 19. g3 a6 20. Re2 Qc1+ 21. Kg2 b5 22. Qb3 Nb6 23. Rc2 Rxc2 24. Bxc2 Bd5 25. Qc3 Be4 26. Bb3 Qxc3 27. bxc3 Nfd5 28. c4 bxc4 29. Nxc4 Nxc4 30. Bxc4 a5 31. g4 Nb4 32. Kg3 Bb1 33. a4 Nc6 34. d5 exd5 35. Bxd5 Nb4 36. Bc4 Kf8 37. Nd4 Ke7 38. Nb3 Nc6 39. Bd5 Bc2 40. Kf4 f6 41. Nd2 Bxa4 42. Nc4 Bb3 43. Ke4 Nb4 44. Bg8 a4 45. Kd4 Nc2+ 46. Kc3 Na3 47. Nxa3 Bxg8 48. Kd4 Bb3 49. Ke4 g6 50. f4 Kd6 51. Kd4 Kc6 52. h4 Kd6 53. g5 fxg5 54. fxg5 hxg5 55. hxg5 Kc6 56. Nb1 Kb5 57. Kc3 Kc5 58. Nd2 Bd5 59. Nb1 Kd6 60. Kb4 Bc6 61. Nd2 Ke6 62. Kc3 Kf5 63. Nc4 Bd5 64. Ne3+ Ke4 65. Ng2 a3 66. Nh4 Kf4 67. Nxg6+ 1/2-1/2

[Event "Karvina op"]
[Site "Karvina"]
[Date "2017.07.04"]
[Round "4"]
[White "Maroszczyk, Wieslaw"]
[Black "Kordela, Monika"]
[Result "1-0"]
[WhiteElo "1890"]
[BlackElo "1638"]
[PlyCount "29"]
[EventDate "2017.07.01"]
[EventType "swiss"]
[EventRounds "9"]
[EventCountry "CZE"]
[SourceTitle "EXT 2018"]
[Source "ChessBase"]
[SourceDate "2017.10.13"]
[SourceVersion "1"]
[SourceVersionDate "2017.10.13"]
[SourceQuality "1"]

1. d4 Nf6 2. Nf3 c5 3. d5 b5 4. c4 Bb7 5. Qc2 bxc4 6. e4 e6 7. dxe6 fxe6 8. Nc3 d5 9. exd5 exd5 10. Bg5 Be7 11. 0-0-0 d4 12. Bxc4 Nbd7 13. Bxf6 Nxf6 14. Ng5 Nd5 15. Bb5+ 1-0

[Event "Orlova op 14th"]
[Site "Orlova"]
[Date "2017.05.21"]
[Round "2"]
[White "Lys, Josef"]
[Black "Maroszczyk, Wieslaw"]
[Result "1-0"]
[WhiteElo "2192"]
[BlackElo "1914"]
[PlyCount "55"]
[EventDate "2017.05.20"]
[EventType "swiss"]
[EventRounds "9"]
[EventCountry "CZE"]
[SourceTitle "CBM 178 Extra"]
[Source "ChessBase"]
[SourceDate "2017.06.22"]
[SourceVersion "1"]
[SourceVersionDate "2017.06.22"]
[SourceQuality "1"]

1. d4 d5 2. c4 e6 3. Nc3 Nf6 4. Nf3 Be7 5. e3 0-0 6. Be2 b6 7. 0-0 Bb7 8. b3 Nbd7 9. Bb2 Rc8 10. Rc1 c5 11. Qc2 Bd6 12. Rfd1 Qe7 13. cxd5 exd5 14. Qf5 Qe6 15. Bd3 g6 16. Qg5 Qg4 17. Qxg4 Nxg4 18. Bb5 Ngf6 19. Bxd7 Nxd7 20. dxc5 Rxc5 21. b4 Rc4 22. Nxd5 Rxc1 23. Bxc1 Rc8 24. Ba3 Bf8 25. Ne7+ Bxe7 26. Rxd7 Bxb4 27. Bxb4 Rc1+ 28. Ne1 1-0

[Event "Karvina op"]
[Site "Karvina"]
[Date "2016.07.09"]
[Round "8"]
[White "Maroszczyk, Wieslaw"]
[Black "Sawicki, Mikolaj"]
[Result "1/2-1/2"]
[WhiteElo "1920"]
[BlackElo "1987"]
[PlyCount "109"]
[EventDate "2016.07.02"]
[EventType "swiss"]
[EventRounds "9"]
[EventCountry "CZE"]
[SourceTitle "EXT 2017"]
[Source "ChessBase"]
[SourceDate "2016.10.25"]
[SourceVersion "1"]
[SourceVersionDate "2016.10.25"]
[SourceQuality "1"]

1. d4 Nf6 2. Nf3 e6 3. c4 Bb4+ 4. Bd2 Be7 5. Nc3 d5 6. Qc2 0-0 7. e3 b6 8. cxd5 exd5 9. Bd3 c5 10. b3 Nc6 11. a3 Bb7 12. 0-0 Re8 13. dxc5 Bxc5 14. b4 Bf8 15. Ne2 Ne4 16. Rad1 Rc8 17. Qb1 Ne5 18. Bxe4 dxe4 19. Nxe5 Rxe5 20. Bc3 Rd5 21. Rxd5 Qxd5 22. Bd4 Ba6 23. Re1 Bd3 24. Qa1 Rc2 25. Nf4 Qc4 26. h3 h6 27. Qd1 Qb5 28. Qh5 Qxh5 29. Nxh5 Ra2 30. Ra1 Rxa1+ 31. Bxa1 f5 32. Nf4 Bc4 33. f3 Kf7 34. Kf2 g5 35. Ne2 a5 36. Bc3 a4 37. Ng3 exf3 38. gxf3 Ke6 39. Bd4 b5 40. e4 fxe4 41. fxe4 Bd6 42. Nf5 Be5 43. Bxe5 Kxe5 44. Ke3 h5 45. Nd4 Bf1 46. Nf3+ Kf6 47. h4 gxh4 48. Nxh4 Kg5 49. Nf3+ Kf6 50. Kf4 Ke6 51. Nd4+ Kf6 52. e5+ Kg6 53. Nf5 Bd3 54. Nh4+ Kf7 55. Nf3 1/2-1/2

[Event "Karvina op"]
[Site "Karvina"]
[Date "2016.07.06"]
[Round "5"]
[White "Klima, Lukas"]
[Black "Maroszczyk, Wieslaw"]
[Result "1-0"]
[WhiteElo "2339"]
[BlackElo "1920"]
[PlyCount "63"]
[EventDate "2016.07.02"]
[EventType "swiss"]
[EventRounds "9"]
[EventCountry "CZE"]
[SourceTitle "EXT 2017"]
[Source "ChessBase"]
[SourceDate "2016.10.25"]
[SourceVersion "1"]
[SourceVersionDate "2016.10.25"]
[SourceQuality "1"]

1. e4 c5 2. Nf3 e6 3. d4 cxd4 4. Nxd4 Nf6 5. Nc3 Nc6 6. g3 Bb4 7. Bg2 d5 8. exd5 Nxd5 9. Nxc6 bxc6 10. 0-0 Ba6 11. Re1 0-0 12. Bd2 Nxc3 13. bxc3 Bc5 14. Be3 Bxe3 15. Rxe3 Qxd1+ 16. Rxd1 Bb5 17. Re5 Rfd8 18. Rd4 Rxd4 19. cxd4 Rd8 20. c3 Kf8 21. Rc5 Rd6 22. f4 Ke7 23. Kf2 a5 24. Ke3 a4 25. c4 Ba6 26. a3 Kd7 27. Kd3 Kc7 28. Kc3 Kb6 29. Rg5 Rd7 30. c5+ Kc7 31. Rxg7 h5 32. Bf3 1-0

[Event "Karvina op"]
[Site "Karvina"]
[Date "2016.07.03"]
[Round "2"]
[White "Maroszczyk, Wieslaw"]
[Black "Olsar, Jaroslav"]
[Result "0-1"]
[WhiteElo "1920"]
[BlackElo "2234"]
[PlyCount "106"]
[EventDate "2016.07.02"]
[EventType "swiss"]
[EventRounds "9"]
[EventCountry "CZE"]
[SourceTitle "EXT 2017"]
[Source "ChessBase"]
[SourceDate "2016.10.25"]
[SourceVersion "1"]
[SourceVersionDate "2016.10.25"]
[SourceQuality "1"]

1. d4 d5 2. Nf3 Nf6 3. e3 Bg4 4. c4 c6 5. Nc3 e6 6. h3 Bh5 7. cxd5 exd5 8. Qb3 Qb6 9. Qxb6 axb6 10. Ne5 Nfd7 11. Nxd7 Nxd7 12. Bd3 Bd6 13. 0-0 Bg6 14. Bxg6 hxg6 15. Bd2 0-0 16. e4 dxe4 17. Nxe4 Bc7 18. Rfe1 Rfe8 19. a3 Rad8 20. Bc3 Nf8 21. Ng5 f6 22. Rxe8 Rxe8 23. Nf3 Kf7 24. Kf1 Ne6 25. g3 b5 26. h4 Bb6 27. Rd1 Nc7 28. Rd3 Nd5 29. Bd2 Bc7 30. Bc1 Re4 31. Nd2 Re6 32. Nf3 Re8 33. Rd1 Bb6 34. Re1 Rd8 35. Bd2 Nc7 36. Bb4 Ne6 37. Re4 Bxd4 38. Nxd4 Rxd4 39. Re1 c5 40. Bc3 Rd5 41. Rc1 b6 42. Ke2 Nd8 43. Bd2 Nc6 44. Bc3 Ke6 45. g4 Nd4+ 46. Bxd4 Rxd4 47. f3 Ke5 48. Ke3 b4 49. axb4 Rxb4 50. Rc2 Rb3+ 51. Ke2 Kd4 52. h5 gxh5 53. gxh5 Re3+ 0-1

[Event "Orlova op 13th"]
[Site "Orlova"]
[Date "2016.05.29"]
[Round "9"]
[White "Maroszczyk, Wieslaw"]
[Black "Pekarek, Ales"]
[Result "1-0"]
[WhiteElo "1955"]
[BlackElo "1513"]
[PlyCount "67"]
[EventDate "2016.05.21"]
[EventType "swiss"]
[EventRounds "9"]
[EventCountry "CZE"]
[SourceTitle "EXT 2017"]
[Source "ChessBase"]
[SourceDate "2016.10.25"]
[SourceVersion "1"]
[SourceVersionDate "2016.10.25"]
[SourceQuality "1"]

1. d4 d5 2. Nf3 Bf5 3. c4 e6 4. Nc3 Nf6 5. e3 Nc6 6. cxd5 exd5 7. Bb5 Bd7 8. 0-0 Bb4 9. Qb3 Bxc3 10. bxc3 0-0 11. Ba3 Re8 12. Bxc6 Bxc6 13. Ne5 Re6 14. Rab1 b6 15. Nxc6 Rxc6 16. Rbc1 Ne4 17. Rc2 Qg5 18. Bc1 Qd8 19. c4 dxc4 20. Rxc4 Rxc4 21. Qxc4 Qd6 22. f3 Nf6 23. e4 Rc8 24. e5 Qd5 25. Qa6 Qxd4+ 26. Kh1 Ra8 27. exf6 Qxf6 28. Qb7 Qd8 29. Re1 h6 30. h3 g5 31. Bb2 Rb8 32. Qe4 Qd6 33. Be5 Qe7 34. Qc6 1-0

[Event "Orlova op 13th"]
[Site "Orlova"]
[Date "2016.05.27"]
[Round "7"]
[White "Panek, Bartosz"]
[Black "Maroszczyk, Wieslaw"]
[Result "1/2-1/2"]
[WhiteElo "1473"]
[BlackElo "1955"]
[PlyCount "29"]
[EventDate "2016.05.21"]
[EventType "swiss"]
[EventRounds "9"]
[EventCountry "CZE"]
[SourceTitle "EXT 2017"]
[Source "ChessBase"]
[SourceDate "2016.10.25"]
[SourceVersion "1"]
[SourceVersionDate "2016.10.25"]
[SourceQuality "1"]

1. e4 c5 2. c3 d5 3. exd5 Nf6 4. d4 cxd4 5. cxd4 Nxd5 6. Nc3 e6 7. Nf3 Be7 8. Bd3 0-0 9. 0-0 Nc6 10. Re1 h6 11. a3 Nf6 12. h3 b6 13. Be3 Bb7 14. Qd2 h5 15. Rad1 1/2-1/2

[Event "Orlova op 13th"]
[Site "Orlova"]
[Date "2016.05.25"]
[Round "5"]
[White "Demko, Robert"]
[Black "Maroszczyk, Wieslaw"]
[Result "0-1"]
[WhiteElo "1705"]
[BlackElo "1955"]
[PlyCount "105"]
[EventDate "2016.05.21"]
[EventType "swiss"]
[EventRounds "9"]
[EventCountry "CZE"]
[SourceTitle "EXT 2017"]
[Source "ChessBase"]
[SourceDate "2016.10.25"]
[SourceVersion "1"]
[SourceVersionDate "2016.10.25"]
[SourceQuality "1"]

1. d4 d5 2. c4 e6 3. Nc3 Nf6 4. cxd5 exd5 5. Bg5 Be7 6. e3 c6 7. Qc2 Nbd7 8. Bd3 h6 9. Bh4 0-0 10. Nge2 Re8 11. 0-0 Ne4 12. Bg3 Nxg3 13. Nxg3 Nf6 14. Rad1 Bd6 15. Nf5 Bf8 16. a3 Bd7 17. b4 a5 18. Qb2 axb4 19. axb4 b5 20. Rfe1 Qe7 21. f3 g6 22. Ng3 h5 23. e4 h4 24. Nf1 dxe4 25. fxe4 Qd6 26. Na2 Rxa2 27. Qxa2 Qxd4+ 28. Qf2 Qxf2+ 29. Kxf2 Bxb4 30. Nd2 Bg4 31. Be2 Nxe4+ 32. Kg1 Bxd2 33. Bxg4 Bxe1 34. Rxe1 f5 35. Bd1 Rd8 36. Bb3+ Kg7 37. Rc1 Rd6 38. Bc2 Kf6 39. Bxe4 fxe4 40. Rc5 e3 41. Kf1 Ke7 42. Ke2 Kd7 43. Kxe3 Rd5 44. Rc2 b4 45. Ke4 b3 46. Rb2 Rb5 47. Kd4 Kd6 48. Kc4 Ke5 49. Kc3 Kf4 50. Rf2+ Ke3 51. Rf3+ Ke2 52. Kb2 Rg5 53. Rh3 0-1

[Event "Karvina op"]
[Site "Karvina"]
[Date "2015.07.05"]
[Round "9"]
[White "Kusak, Lubomir"]
[Black "Maroszczyk, Wieslaw"]
[Result "1/2-1/2"]
[WhiteElo "1686"]
[BlackElo "1961"]
[PlyCount "89"]
[EventDate "2015.06.27"]
[EventType "swiss"]
[EventRounds "9"]
[EventCountry "CZE"]
[SourceTitle "CBM 167 Extra"]
[Source "ChessBase"]
[SourceDate "2015.09.14"]
[SourceVersion "1"]
[SourceVersionDate "2015.09.14"]
[SourceQuality "1"]

1. e4 c5 2. Nf3 e6 3. d4 cxd4 4. Nxd4 Nf6 5. Bd3 Nc6 6. Nxc6 dxc6 7. Be3 Be7 8. 0-0 e5 9. Nd2 Ng4 10. Qe2 0-0 11. Rad1 Nxe3 12. Qxe3 Qc7 13. Qg3 b5 14. Nf3 Bf6 15. Rd2 g6 16. Rfd1 Be6 17. Ng5 Bxg5 18. Qxg5 f6 19. Qe3 c5 20. b3 Rfd8 21. Be2 Rd4 22. c3 Rxd2 23. Qxd2 c4 24. bxc4 Bxc4 25. Bxc4+ Qxc4 26. Qd5+ Qxd5 27. exd5 Kf7 28. f3 Rc8 29. Rd3 Ke7 30. Kf2 Kd6 31. Ke3 Rc5 32. Ke4 Rc4+ 33. Ke3 f5 34. g3 Rc5 35. Ke2 Rxd5 36. Re3 g5 37. h4 h6 38. hxg5 hxg5 39. g4 f4 40. Re4 Rc5 41. Kd3 Rc8 42. a4 Kd5 43. axb5 Kd6 44. Rb4 Kc5 45. Ke4 1/2-1/2